000 01004nam a22002777a 4500
005 20220422115555.0
008 220422b2015 ii ||||| |||| 00| 0 hin d
020 _a9789385336003
_cRs. 80.00
_qpbk
040 _aNLI
_bhin
_cHindi Division
041 0 _ahin
044 _aii
082 0 4 _223rd ed.
_aH 891.432
_bV 465 rat
100 1 _6880-01
_aवन्दोपाध्याय, जगन्मय
_9676063
245 1 0 _6880-02
_aरुपमती और तानसेन
_c/जगन्मय वन्दोपाध्याय
260 _aनई दिल्ली :
_bकिताब घर,
_c2015.
300 _a95 p.;
_c21 cm.
500 _aदो नाटककों का संकलन
600 1 0 _91412000
650 0 _aHindi Drama
_9739638
700 1 _6880-03
_9678071
852 _aBB
880 1 _6100-01
_aVandopādhyāya, Jaganmaya
880 1 _6245-02
_aRupamati Aura Tānasena
_c/ Jaganmaya Vandopādhyāya
887 _aAparajita
942 _2ddc
_cBKS
999 _c1531908
_d1531908